Essays reports and letter writing / (Record no. 93852)

MARC details
000 -LEADER
fixed length control field 00532nam a22001817a 4500
005 - DATE AND TIME OF LATEST TRANSACTION
control field 20150710113901.0
010 ## - LCCN (DPL NO)
LC control number ENG-113166
020 ## - INTERNATIONAL STANDARD BOOK NUMBER
Terms of availability 285.00
International Standard Book Number 9788173819377
035 ## - SYSTEM CONTROL NUMBER
System control number EN-96698
037 ## - SOURCE OF ACQUISITION
Source of stock number/acquisition DBAD/PUB
082 ## - DEWEY DECIMAL CLASSIFICATION NUMBER
Classification number 808.84
100 ## - MAIN ENTRY--PERSONAL NAME
Personal name Das, P. C.
245 ## - TITLE STATEMENT
Title Essays reports and letter writing /
Statement of responsibility, etc by P. C. Das
260 ## - PUBLICATION, DISTRIBUTION, ETC. (IMPRINT)
Name of publisher, distributor, etc New Central Book Agency
Date of publication, distribution, etc 2015(repr.)
Place of publication, distribution, etc Kolkata
270 ## - ADDRESS
City Kolkata
Postal code 700009
Address 8/1 Chintamoni Das Lane,
300 ## - PHYSICAL DESCRIPTION
Extent xxii,636p.
Dimensions 24cm(pbk)
942 ## - ADDED ENTRY ELEMENTS (KOHA)
Source of classification or shelving scheme Dewey Decimal Classification
Item type English Books
Call number suffix DAS
Classification part 808.84
Holdings
Withdrawn status Lost status Not for loan Collection code Home library Current library Date acquired Source of acquisition Cost, normal purchase price Full call number Barcode Copy number Cost, replacement price Koha item type
    Not For Loan Non-fiction D.B.Act.Division D.B.Act.Division 21/05/2015 DBAD/PUB 285.00 808.84 DAS EN-96698 1 285.00 English Books

© Delhi Public Library
Hit Counter
free hit counter